000 00722nam a2200205Ii 4500
003 JO-AjNU
008 230605s9999||||xx |||||||||||||| ||und||
017 _a2015/6/2915
040 _aJO-AjNU
_bara
_erda
_cJO-AjNU
041 _aara
050 1 4 _aDS154.9.A36 2015
100 3 _aتاليف عبوي، زيد منير,
_eauthor
_959643
245 0 0 _aوردية الاردن البتراء الزاهرة
264 3 1 _aعمان: المؤلف، 2015
300 _a127ص
_b ويحتوي على قائمة مراجع من ص126-ص127
336 _atext
_btxt
_2rdacontent
337 _aunmediated
_bn
_2rdamedia
338 _avolume
_bnc
_2rdacarrier
650 4 _aالاثار-الاردن-المدن-السياحة
_959644
999 _aA26850
_c30418
_d30418